| 000 | 00740nam a22002177a 4500 | ||
|---|---|---|---|
| 003 | OSt | ||
| 005 | 20260115063333.0 | ||
| 008 | 260115b |||||||| |||| 00| 0 eng d | ||
| 020 | _a0-333-79255-6 | ||
| 040 |
_aDWCL-Main lib _cOC |
||
| 082 | _aCirc. 332.4 B162 2003 | ||
| 100 | _aBain, K. | ||
| 245 |
_aMonetary economics : _bpolicy and its theoretical basis _cBain, Keith |
||
| 260 |
_aNew York : _b Palgrave macmillan, _cc2003 |
||
| 300 |
_axii, 509 pages ; _b illustration ; _c 23 cm. |
||
| 504 | _aIncludes bibliographical references and index. | ||
| 650 | _2Economic policy. | ||
| 650 | _2Monetary policy. | ||
| 700 | _aHowells, Peter | ||
| 942 |
_2ddc _cBK-CIRC _hCirc. 332.4 B162 2003 _kCirc. _n0 |
||
| 999 |
_c7440 _d7440 |
||